[Event "Winnipeg Shpan Memorial"]
[Site "Winnipeg"]
[Date "2011.11.01"]
[Round "1"]
[White "Evans, Brian"]
[Black "Gudmundsson, Gunnar Erik"]
[Result "0-1"]
[WhiteElo "1529"]
[BlackElo "1872"]
[PlyCount "116"]
[EventDate "2011.11.01"]
[EventType "swiss"]
[EventRounds "6"]
[EventCountry "CAN"]
[SourceTitle "EXT 2022"]
[Source "ChessBase"]
[SourceDate "2021.10.06"]
[SourceVersion "1"]
[SourceVersionDate "2021.10.06"]
[SourceQuality "1"]

1. e4 e5 2. Nf3 Nc6 3. Bb5 a6 4. Ba4 b5 5. Bb3 Na5 6. c3 Nxb3 7. Qxb3 d6 8. h3 Be6 9. Qc2 h6 10. 0-0 Nf6 11. d4 d5 12. dxe5 Nxe4 13. Be3 c5 14. Nbd2 Bf5 15. Qd1 Be7 16. Nxe4 Bxe4 17. Nd2 Bd3 18. Re1 c4 19. Qg4 Bg6 20. e6 h5 21. exf7+ Bxf7 22. Qxg7 Rg8 23. Qe5 Kf8 24. Bh6+ Ke8 25. Bg5 Ra7 26. Bxe7 Rxe7 27. Qxe7+ Qxe7 28. Rxe7+ Kxe7 29. a4 Be8 30. axb5 Bxb5 31. Nf3 Kd6 32. Nd4 Kc5 33. h4 Ra8 34. Re1 a5 35. Re5 Be8 36. Rg5 a4 37. Ne6+ Kd6 38. Nf4 Bf7 39. Nxh5 Rb8 40. Rf5 Ke6 41. Rf6+ Ke7 42. Ra6 Bxh5 43. Rxa4 Rxb2 44. Ra3 Rb3 45. Ra2 Rxc3 46. f3 Bg6 47. Kf2 d4 48. g4 d3 49. Ke1 Rb3 50. Ra7+ Kf8 51. h5 c3 52. Ra1 Rb2 53. f4 Re2+ 54. Kf1 Be8 55. g5 Bxh5 56. Ra8+ Re8 57. Rxe8+ Kxe8 58. Ke1 d2+ 0-1

[Event "Winnipeg TNT June op"]
[Site "Winnipeg"]
[Date "2011.06.28"]
[Round "4"]
[White "Bince, Rolando"]
[Black "Evans, Brian"]
[Result "1-0"]
[WhiteElo "2090"]
[BlackElo "1553"]
[PlyCount "72"]
[EventDate "2011.06.07"]
[EventType "swiss"]
[EventRounds "4"]
[EventCountry "CAN"]
[SourceTitle "EXT 2022"]
[Source "ChessBase"]
[SourceDate "2021.10.06"]
[SourceVersion "1"]
[SourceVersionDate "2021.10.06"]
[SourceQuality "1"]

1. e4 c5 2. Nf3 d6 3. Bb5+ Bd7 4. Qe2 a6 5. Bxd7+ Nxd7 6. c4 Qc7 7. Nc3 e6 8. 0-0 Ngf6 9. h3 Be7 10. d3 h6 11. Bf4 e5 12. Be3 0-0-0 13. Nh2 g5 14. Ng4 Rdg8 15. b4 cxb4 16. Nd5 Nxd5 17. cxd5 Nc5 18. Bxc5 dxc5 19. Ne3 h5 20. Nf5 Rg6 21. Rfc1 Kd7 22. Rab1 Rb6 23. Qe3 Rb5 24. Nxe7 Kxe7 25. Qxg5+ Kf8 26. Qf6 Rh7 27. d6 Qd7 28. Qxe5 c4 29. Qe7+ Qxe7 30. dxe7+ Kxe7 31. Rxc4 a5 32. Kf1 Rh6 33. a4 Rbb6 34. Rbc1 Ra6 35. Rc7+ Kf8 36. Rxb7 Rhc6 1-0

[Event "Winnipeg TNT April op"]
[Site "Winnipeg"]
[Date "2011.04.05"]
[Round "1"]
[White "Boron, Anthony"]
[Black "Evans, Brian"]
[Result "1-0"]
[WhiteElo "1986"]
[BlackElo "1564"]
[PlyCount "55"]
[EventDate "2011.04.05"]
[EventType "swiss"]
[EventRounds "4"]
[EventCountry "CAN"]
[SourceTitle "EXT 2022"]
[Source "ChessBase"]
[SourceDate "2021.10.06"]
[SourceVersion "1"]
[SourceVersionDate "2021.10.06"]
[SourceQuality "1"]

1. d4 d5 2. Nf3 Nf6 3. e3 e6 4. Bd3 b6 5. 0-0 c5 6. c3 c4 7. Bc2 Bb7 8. Ne5 Nc6 9. f4 Bd6 10. Nd2 0-0 11. Ndf3 Bxe5 12. fxe5 Nd7 13. e4 h6 14. exd5 exd5 15. Qe1 Qe7 16. Qg3 Qe6 17. Nh4 Ne7 18. Nf5 Ng6 19. Nd6 Bc6 20. h4 Ne7 21. Nf5 Nxf5 22. Bxf5 Qe7 23. Bxh6 f6 24. e6 Kh8 25. Bf4 Ne5 26. dxe5 fxe5 27. Bxe5 Be8 28. Bd6 1-0

[Event "Winnipeg TNT March op"]
[Site "Winnipeg"]
[Date "2011.03.15"]
[Round "3"]
[White "Trueman, Francis"]
[Black "Evans, Brian"]
[Result "1/2-1/2"]
[WhiteElo "1504"]
[BlackElo "1572"]
[PlyCount "43"]
[EventDate "2011.03.01"]
[EventType "swiss"]
[EventRounds "5"]
[EventCountry "CAN"]
[SourceTitle "EXT 2022"]
[Source "ChessBase"]
[SourceDate "2021.10.06"]
[SourceVersion "1"]
[SourceVersionDate "2021.10.06"]
[SourceQuality "1"]

1. Nf3 Nf6 2. d3 d5 3. Nbd2 Bf5 4. g3 Nc6 5. Bg2 Qd7 6. 0-0 Bh3 7. Re1 Bxg2 8. Kxg2 0-0-0 9. c3 e5 10. e4 dxe4 11. dxe4 g6 12. Qc2 Bh6 13. a4 Qd3 14. Qxd3 Rxd3 15. Nc4 Bxc1 16. Raxc1 Nd7 17. b4 Nb6 18. Ncxe5 Nxe5 19. Nxe5 Rd2 20. a5 Nd7 21. Nxd7 Rxd7 22. Rcd1 1/2-1/2

[Event "Winnipeg TNT March op"]
[Site "Winnipeg"]
[Date "2011.03.08"]
[Round "2"]
[White "Evans, Brian"]
[Black "Wolchock, Theo"]
[Result "0-1"]
[WhiteElo "1572"]
[BlackElo "1635"]
[PlyCount "64"]
[EventDate "2011.03.01"]
[EventType "swiss"]
[EventRounds "5"]
[EventCountry "CAN"]
[SourceTitle "EXT 2022"]
[Source "ChessBase"]
[SourceDate "2021.10.06"]
[SourceVersion "1"]
[SourceVersionDate "2021.10.06"]
[SourceQuality "1"]

1. e4 c5 2. Nf3 Nc6 3. d4 cxd4 4. Nxd4 Nxd4 5. Qxd4 Nf6 6. e5 Ng8 7. Bc4 e6 8. Bf4 b6 9. 0-0 Bc5 10. Qd3 Ne7 11. Rd1 0-0 12. Bg5 Qc7 13. Bxe7 Bxe7 14. Qe2 Bb7 15. Bd3 Qc6 16. f4 f6 17. Bb5 Qc5+ 18. Kh1 fxe5 19. Rxd7 Rab8 20. Qxe5 Qxc2 21. Qxe6+ Kh8 22. Nd2 Bc8 23. Qxe7 Bxd7 24. Qxd7 Rbd8 25. Qe7 Qxd2 26. Qe5 h6 27. Rf1 Rd5 28. Qe7 Rc8 29. Be8 Rc1 30. Qf8+ Kh7 31. Bg6+ Kxg6 32. f5+ Kh7 0-1

[Event "Winnipeg TNT September op"]
[Site "Winnipeg"]
[Date "2010.09.21"]
[Round "3"]
[White "Evans, Brian"]
[Black "Trueman, Francis"]
[Result "0-1"]
[WhiteElo "1581"]
[BlackElo "1541"]
[PlyCount "100"]
[EventDate "2010.09.07"]
[EventType "swiss"]
[EventRounds "4"]
[EventCountry "CAN"]
[SourceTitle "EXT 2022"]
[Source "ChessBase"]
[SourceDate "2021.10.06"]
[SourceVersion "1"]
[SourceVersionDate "2021.10.06"]
[SourceQuality "1"]

1. e4 d6 2. Nf3 Nf6 3. Nc3 g6 4. d4 Bg7 5. Bg5 0-0 6. e5 dxe5 7. dxe5 Qxd1+ 8. Rxd1 Ng4 9. Bxe7 Re8 10. Rd8 Rxd8 11. Bxd8 c6 12. Bc7 Nd7 13. Bc4 Ndxe5 14. Nxe5 Nxe5 15. Be2 Bf5 16. f4 Ng4 17. Bxg4 Bxg4 18. 0-0 Bf5 19. Rc1 Re8 20. Be5 Bxe5 21. fxe5 Rxe5 22. Kf2 Re7 23. Nd1 Be6 24. Ne3 Kg7 25. b3 f5 26. g3 Kf6 27. Re1 g5 28. Kf3 Kg6 29. Ng2 Bd5+ 30. Kf2 Rxe1 31. Nxe1 g4 32. Ke3 Kg5 33. Nd3 Be4 34. Ne1 b5 35. b4 a6 36. Nd3 h5 37. Ne1 Bd5 38. a3 Be4 39. c3 Bd5 40. Nd3 Be6 41. Ne5 f4+ 42. gxf4+ Kh4 43. Kf2 Kh3 44. Kg1 h4 45. Nxc6 g3 46. hxg3 Kxg3 47. Ne7 Bg4 48. Ng6 h3 49. Ne5 h2+ 50. Kh1 Bh3 0-1

[Event "Winnipeg TNT September op"]
[Site "Winnipeg"]
[Date "2010.09.07"]
[Round "2"]
[White "Kernetsky, Myron"]
[Black "Evans, Brian"]
[Result "1-0"]
[WhiteElo "1989"]
[BlackElo "1581"]
[PlyCount "51"]
[EventDate "2010.09.07"]
[EventType "swiss"]
[EventRounds "4"]
[EventCountry "CAN"]
[SourceTitle "EXT 2022"]
[Source "ChessBase"]
[SourceDate "2021.10.06"]
[SourceVersion "1"]
[SourceVersionDate "2021.10.06"]
[SourceQuality "1"]

1. d4 d5 2. Nf3 e6 3. c4 Nf6 4. Nc3 Be7 5. Bf4 c6 6. e3 b6 7. Bd3 dxc4 8. Bxc4 b5 9. Bd3 Nd5 10. Bg3 Bb4 11. Qb3 Qa5 12. Rc1 Nxc3 13. bxc3 Ba3 14. Rc2 Bb7 15. 0-0 0-0 16. c4 b4 17. Rb1 Rd8 18. c5 Nd7 19. Nd2 Ba6 20. Bxa6 Qxa6 21. Nc4 Nf8 22. Nxa3 bxa3 23. Rc3 Rd7 24. Qxa3 Qxa3 25. Rxa3 a5 26. Rb6 1-0

[Event "Winnipeg TNT August op"]
[Site "Winnipeg"]
[Date "2010.08.17"]
[Round "3"]
[White "Li, Henry2222"]
[Black "Evans, Brian"]
[Result "0-1"]
[WhiteElo "1388"]
[BlackElo "1590"]
[PlyCount "106"]
[EventDate "2010.08.03"]
[EventType "swiss"]
[EventRounds "4"]
[EventCountry "CAN"]
[SourceTitle "EXT 2022"]
[Source "ChessBase"]
[SourceDate "2021.10.06"]
[SourceVersion "1"]
[SourceVersionDate "2021.10.06"]
[SourceQuality "1"]

1. e4 c5 2. Nf3 d6 3. d4 cxd4 4. Nxd4 Nf6 5. Nc3 a6 6. Bc4 e6 7. Bb3 Be7 8. Be3 b5 9. f3 Bb7 10. Qd2 Nc6 11. 0-0-0 0-0 12. g4 b4 13. Nce2 d5 14. Ng3 dxe4 15. fxe4 Nxg4 16. Qe2 Nxe3 17. Nxc6 Qc7 18. Nxe7+ Qxe7 19. Qxe3 Rfd8 20. Rxd8+ Rxd8 21. Rg1 Qh4 22. Rg2 Qg4 23. Qe2 Qf4+ 24. Kb1 Bxe4 25. Rg1 Bf3 26. Qf2 Rd2 27. Qb6 h6 28. c3 bxc3 29. bxc3 Be4+ 30. Nxe4 Qxe4+ 31. Kc1 Qf4 32. Bc2 Rd6+ 33. Kb1 Rxb6+ 34. Bb3 a5 35. c4 a4 36. c5 Rb5 37. Rg3 axb3 38. Rxb3 Rxb3+ 39. axb3 Qb4 40. Kb2 Qxc5 41. h4 Qd4+ 42. Ka3 Qxh4 43. b4 Qc4 44. Ka4 Qa6+ 45. Kb3 h5 46. Kc3 h4 47. Kd4 h3 48. Kc5 h2 49. b5 Qb7 50. b6 h1Q 51. Kb5 Qhc6+ 52. Kb4 Qbxb6+ 53. Ka3 Qa8# 0-1

[Event "Winnipeg TNT March op"]
[Site "Winnipeg"]
[Date "2010.03.16"]
[Round "3"]
[White "Evans, Brian"]
[Black "Trueman, Francis"]
[Result "0-1"]
[WhiteElo "1588"]
[BlackElo "1508"]
[PlyCount "70"]
[EventDate "2010.03.02"]
[EventType "swiss"]
[EventRounds "4"]
[EventCountry "CAN"]
[SourceTitle "EXT 2022"]
[Source "ChessBase"]
[SourceDate "2021.10.06"]
[SourceVersion "1"]
[SourceVersionDate "2021.10.06"]
[SourceQuality "1"]

1. e4 d6 2. d4 Nf6 3. Nc3 g6 4. Be2 Bg7 5. Nf3 0-0 6. h3 Nbd7 7. e5 Ne8 8. Bf4 e6 9. Qd2 dxe5 10. dxe5 c6 11. 0-0-0 Nc7 12. Ne4 Nd5 13. Bh6 Nxe5 14. Bxg7 Nxf3 15. Bxf3 Kxg7 16. c4 Qc7 17. Kb1 Nb6 18. b3 a5 19. a4 e5 20. Nc5 Nxc4 21. bxc4 Qb6+ 22. Qb2 Qxc5 23. Be2 Qb4 24. Qxb4 axb4 25. Kb2 c5 26. Kb3 b6 27. Rd6 Ra6 28. Bf3 Re8 29. Re1 Re7 30. Bc6 Re6 31. Rxe6 Bxe6 32. Bb5 Ra7 33. Rxe5 Re7 34. Re3 f5 35. f4 Bxc4+ 0-1

[Event "Winnipeg TNT October op"]
[Site "Winnipeg"]
[Date "2009.10.13"]
[Round "2"]
[White "Kernetsky, Myron"]
[Black "Evans, Brian"]
[Result "1-0"]
[WhiteElo "1958"]
[BlackElo "1622"]
[PlyCount "29"]
[EventDate "2009.10.06"]
[EventType "swiss"]
[EventRounds "4"]
[EventCountry "CAN"]
[SourceTitle "EXT 2011"]
[Source "ChessBase"]
[SourceDate "2010.11.26"]
[SourceVersion "1"]
[SourceVersionDate "2010.11.26"]
[SourceQuality "1"]

1. d4 Nf6 2. c4 g6 3. Nc3 Bg7 4. e4 d6 5. Nf3 0-0 6. h3 Nfd7 7. Bg5 h6 8. Be3 e5 9. d5 f5 10. exf5 Rxf5 11. Bd3 Rf6 12. Qd2 Kh7 13. Nh2 Nf8 14. Ng4 Bxg4 15. hxg4 1-0

[Event "Winnipeg TNT July op"]
[Site "Winnipeg"]
[Date "2009.07.28"]
[Round "4"]
[White "Hemphill, Jim"]
[Black "Evans, Brian"]
[Result "1-0"]
[WhiteElo "1711"]
[BlackElo "1591"]
[PlyCount "49"]
[EventDate "2009.07.07"]
[EventType "swiss"]
[EventRounds "4"]
[EventCountry "CAN"]
[SourceTitle "EXT 2011"]
[Source "ChessBase"]
[SourceDate "2010.11.26"]
[SourceVersion "1"]
[SourceVersionDate "2010.11.26"]
[SourceQuality "1"]

1. d4 d5 2. c4 e6 3. Nc3 Nf6 4. cxd5 exd5 5. Bg5 Be7 6. Nf3 Nc6 7. e3 a6 8. Rc1 h6 9. Bh4 Bg4 10. Bxf6 Bxf6 11. Qb3 Bxf3 12. gxf3 Ne7 13. Qxb7 Qb8 14. Qxb8+ Rxb8 15. b3 a5 16. Bd3 0-0 17. Kd2 c6 18. Rc2 Rfc8 19. Na4 Rc7 20. Rhc1 Rb4 21. Rc5 Ra7 22. R1c2 g6 23. Kc3 Kf8 24. Rxa5 Rxa5 25. Kxb4 1-0

[Event "Winnipeg TNT July op"]
[Site "Winnipeg"]
[Date "2009.07.14"]
[Round "2"]
[White "Villeneuve, Justin"]
[Black "Evans, Brian"]
[Result "0-1"]
[WhiteElo "1306"]
[BlackElo "1591"]
[PlyCount "124"]
[EventDate "2009.07.07"]
[EventType "swiss"]
[EventRounds "4"]
[EventCountry "CAN"]
[SourceTitle "EXT 2011"]
[Source "ChessBase"]
[SourceDate "2010.11.26"]
[SourceVersion "1"]
[SourceVersionDate "2010.11.26"]
[SourceQuality "1"]

1. e4 c5 2. Nf3 d6 3. Bb5+ Bd7 4. Bxd7+ Qxd7 5. 0-0 Nc6 6. Nc3 g6 7. b3 Bg7 8. Bb2 Nf6 9. d3 0-0 10. Ne2 e5 11. c4 Qg4 12. h3 Qe6 13. Qd2 h6 14. Ba3 a5 15. Nc3 Nd4 16. Nxd4 exd4 17. Nb5 Rfc8 18. f4 Ne8 19. Qe2 Nc7 20. Nxc7 Rxc7 21. Qg4 Qxg4 22. hxg4 f5 23. exf5 gxf5 24. g5 Re7 25. gxh6 Bxh6 26. Rae1 Rae8 27. Rxe7 Rxe7 28. Bc1 Re2 29. a3 Kf7 30. Rf2 Re1+ 31. Rf1 Rxf1+ 32. Kxf1 Ke6 33. Ke2 d5 34. cxd5+ Kxd5 35. Kf3 b5 36. Bd2 a4 37. bxa4 bxa4 38. g4 fxg4+ 39. Kxg4 Bf8 40. f5 c4 41. dxc4+ Kxc4 42. Bc1 Kc3 43. Kh5 d3 44. Bh6 Bxa3 45. f6 d2 46. Kg6 d1Q 47. f7 Qd6+ 48. Kh7 Qd3+ 49. Kh8 Qd8+ 50. Kh7 Bf8 51. Bf4 Qh4+ 52. Kg8 Qxf4 53. Kxf8 a3 54. Ke8 a2 55. f8Q Qxf8+ 56. Kxf8 a1Q 57. Kg8 Qa7 58. Kf8 Kd4 59. Ke8 Kd5 60. Kf8 Ke6 61. Kg8 Kf6 62. Kh8 Qg7# 0-1

[Event "Winnipeg TNT June op"]
[Site "Winnipeg"]
[Date "2009.06.23"]
[Round "4"]
[White "Evans, Brian"]
[Black "Green, Aaron"]
[Result "0-1"]
[WhiteElo "1596"]
[BlackElo "1830"]
[PlyCount "102"]
[EventDate "2009.06.02"]
[EventType "swiss"]
[EventRounds "4"]
[EventCountry "CAN"]
[SourceTitle "EXT 2011"]
[Source "ChessBase"]
[SourceDate "2010.11.26"]
[SourceVersion "1"]
[SourceVersionDate "2010.11.26"]
[SourceQuality "1"]

1. e4 c5 2. Nf3 d6 3. d4 cxd4 4. Nxd4 Nf6 5. Nc3 g6 6. Be3 Bg7 7. Qd2 Ng4 8. Bb5+ Bd7 9. Bxd7+ Qxd7 10. f3 Nxe3 11. Qxe3 Nc6 12. Nce2 0-0 13. c3 Ne5 14. b3 Rfc8 15. 0-0 Nc6 16. Rfc1 a6 17. Nxc6 Qxc6 18. Rc2 b5 19. Rac1 Qc5 20. Qxc5 Rxc5 21. f4 Rac8 22. g3 h5 23. h4 Bf6 24. Kf2 Kf8 25. Ke3 Bg7 26. Kd3 e6 27. Rg1 Ke7 28. g4 Bf6 29. g5 Bg7 30. Rf1 d5 31. e5 Bf8 32. Nd4 Ke8 33. Rfc1 Be7 34. c4 bxc4+ 35. bxc4 dxc4+ 36. Rxc4 Kd7 37. Rxc5 Bxc5 38. Nb3 Bf2 39. Rxc8 Kxc8 40. Na5 Bxh4 41. Nc4 Kd8 42. Nd6 Ke7 43. Ne4 Be1 44. Ke2 Bb4 45. Kf3 Kd8 46. Nf2 Kc7 47. Nd3 Be7 48. Ne1 Kc6 49. Ke3 Kd5 50. Ng2 Bc5+ 51. Kd3 Bf2 0-1

[Event "Winnipeg TNT April op"]
[Site "Winnipeg"]
[Date "2009.04.14"]
[Round "2"]
[White "Evans, Brian"]
[Black "Khedkar, Jay S"]
[Result "0-1"]
[WhiteElo "1550"]
[BlackElo "1983"]
[PlyCount "60"]
[EventDate "2009.04.07"]
[EventType "swiss"]
[EventRounds "5"]
[EventCountry "CAN"]
[SourceTitle "EXT 2011"]
[Source "ChessBase"]
[SourceDate "2010.11.26"]
[SourceVersion "1"]
[SourceVersionDate "2010.11.26"]
[SourceQuality "1"]

1. e4 e6 2. d4 d5 3. Nc3 Nf6 4. Bg5 Be7 5. e5 Nfd7 6. Bxe7 Qxe7 7. f4 a6 8. Nf3 c5 9. Be2 Nc6 10. Qd2 cxd4 11. Nxd4 Qb4 12. Nxc6 bxc6 13. Rb1 0-0 14. 0-0 c5 15. a3 Qb6 16. Kh1 Bb7 17. Na4 Qc7 18. b3 f6 19. Bg4 Rae8 20. exf6 Nxf6 21. Bf3 Bc6 22. Nxc5 Bb5 23. Nd3 Ne4 24. Bxe4 dxe4 25. c4 Bxc4 26. bxc4 Qd6 27. Qb4 Qxd3 28. Rbd1 Rxf4 29. Rfe1 Ref8 30. Qb1 Qxc4 0-1

[Event "Winnipeg TNT March op"]
[Site "Winnipeg"]
[Date "2009.03.31"]
[Round "5"]
[White "Trueman, Francis"]
[Black "Evans, Brian"]
[Result "0-1"]
[WhiteElo "1522"]
[BlackElo "1552"]
[PlyCount "78"]
[EventDate "2009.03.03"]
[EventType "swiss"]
[EventRounds "5"]
[EventCountry "CAN"]
[SourceTitle "EXT 2011"]
[Source "ChessBase"]
[SourceDate "2010.11.26"]
[SourceVersion "1"]
[SourceVersionDate "2010.11.26"]
[SourceQuality "1"]

1. Nf3 Nf6 2. d3 d5 3. Nbd2 b6 4. g3 Bb7 5. Bg2 Nbd7 6. 0-0 e6 7. Re1 e5 8. e4 dxe4 9. dxe4 Bd6 10. Qe2 Nc5 11. Nc4 Nfxe4 12. Nxd6+ cxd6 13. Nd2 Nxd2 14. Bxb7 Nxb7 15. Qb5+ Qd7 16. Qxd7+ Kxd7 17. Bxd2 Rac8 18. Bc3 Nc5 19. Rad1 Ke6 20. f4 f6 21. g4 g6 22. f5+ gxf5 23. gxf5+ Ke7 24. Bb4 Rhg8+ 25. Kh1 Rg5 26. Rg1 Rcg8 27. h4 Rg4 28. Rxg4 Rxg4 29. Be1 Rf4 30. b4 Ne4 31. Kg2 Rxf5 32. b5 Ke8 33. a4 Nc5 34. Ra1 Rf4 35. Kg3 h5 36. a5 Ra4 37. Rd1 bxa5 38. Rb1 Nd7 39. Bf2 Nb6 0-1

[Event "Winnipeg TNT February op"]
[Site "Winnipeg"]
[Date "2009.02.24"]
[Round "4"]
[White "Lipic, Stephen"]
[Black "Evans, Brian"]
[Result "1-0"]
[WhiteElo "1623"]
[BlackElo "1558"]
[PlyCount "53"]
[EventDate "2009.02.03"]
[EventType "swiss"]
[EventRounds "4"]
[EventCountry "CAN"]
[SourceTitle "EXT 2011"]
[Source "ChessBase"]
[SourceDate "2010.11.26"]
[SourceVersion "1"]
[SourceVersionDate "2010.11.26"]
[SourceQuality "1"]

1. f4 d5 2. Nf3 Nc6 3. d4 Nf6 4. e3 a6 5. Bd3 Bg4 6. c3 e6 7. 0-0 Ne4 8. Qe1 Be7 9. Ne5 Nxe5 10. fxe5 Bh4 11. g3 Qg5 12. Bxe4 dxe4 13. gxh4 Qg6 14. Qg3 Bf3 15. b3 0-0-0 16. Nd2 Bh5 17. Rf4 f5 18. exf6 gxf6 19. Qxg6 Bxg6 20. Nxe4 f5 21. Ng3 Rhg8 22. Ba3 e5 23. dxe5 Rd3 24. Rd4 Rxe3 25. Rad1 Rxe5 26. Kf2 Bf7 27. Rd7 1-0

[Event "Winnipeg Grand Prix op-C"]
[Site "Winnipeg"]
[Date "2008.11.25"]
[Round "3"]
[White "Green, Aaron"]
[Black "Evans, Brian"]
[Result "1/2-1/2"]
[WhiteElo "1752"]
[BlackElo "1524"]
[PlyCount "81"]
[EventDate "2008.11.04"]
[EventType "tourn"]
[EventRounds "6"]
[EventCountry "CAN"]
[SourceTitle "EXT 2011"]
[Source "ChessBase"]
[SourceDate "2010.11.26"]
[SourceVersion "1"]
[SourceVersionDate "2010.11.26"]
[SourceQuality "1"]

1. e4 c5 2. Nf3 d6 3. Bb5+ Bd7 4. Bxd7+ Qxd7 5. 0-0 Nc6 6. Re1 g6 7. c3 Bg7 8. Na3 e5 9. Nc2 Nf6 10. d4 cxd4 11. cxd4 exd4 12. Ncxd4 0-0 13. Nb5 a6 14. Nc3 Rfe8 15. h3 Re7 16. Bg5 Re6 17. Bxf6 Bxf6 18. Nd5 Rd8 19. Nxf6+ Rxf6 20. Nd4 Nxd4 21. Qxd4 Re6 22. Rac1 Rde8 23. f3 f5 24. Kf2 fxe4 25. Rxe4 Rxe4 26. fxe4 Qf7+ 27. Kg1 Qf4 28. Qd5+ Qf7 29. Qxf7+ Kxf7 30. Rc7+ Re7 31. Rxe7+ Kxe7 32. Kf2 Ke6 33. Ke3 Ke5 34. a3 b6 35. b3 h6 36. g3 b5 37. b4 d5 38. exd5 Kxd5 39. Kd3 Ke5 40. Ke3 g5 41. g4 1/2-1/2

[Event "Winnipeg TNT October op"]
[Site "Winnipeg"]
[Date "2008.10.07"]
[Round "1"]
[White "Green, Leah"]
[Black "Evans, Brian"]
[Result "0-1"]
[WhiteElo "1168"]
[BlackElo "1515"]
[PlyCount "112"]
[EventDate "2008.10.07"]
[EventType "swiss"]
[EventRounds "4"]
[EventCountry "CAN"]
[SourceTitle "EXT 2011"]
[Source "ChessBase"]
[SourceDate "2010.11.26"]
[SourceVersion "1"]
[SourceVersionDate "2010.11.26"]
[SourceQuality "1"]

1. e4 c5 2. Nf3 d6 3. Nc3 Nf6 4. Bc4 a6 5. d3 e6 6. Bg5 Be7 7. Qd2 h6 8. Bh4 Nxe4 9. Bxe7 Nxd2 10. Bxd8 Nxf3+ 11. gxf3 Kxd8 12. 0-0-0 Nc6 13. Ne2 b5 14. Bb3 Bb7 15. Rhg1 g6 16. c4 Na5 17. f4 Nxb3+ 18. axb3 Bf3 19. Rde1 Bxe2 20. Rxe2 Ke7 21. Kc2 Kf6 22. Kd2 Kf5 23. Ke3 Rhe8 24. Kf3 bxc4 25. bxc4 Reb8 26. Ra1 Rb3 27. Rd2 d5 28. cxd5 exd5 29. Ra3 Rxa3 30. bxa3 Rb8 31. Re2 f6 32. a4 Rb3 33. Ke3 d4+ 34. Kd2 Rb2+ 35. Kd1 Rxe2 36. Kxe2 Kxf4 37. f3 f5 38. Kf2 g5 39. Ke2 g4 40. fxg4 Kxg4 41. Kf2 Kf4 42. a5 Kg4 43. Kg2 f4 44. h3+ Kh4 45. Kh2 f3 46. Kg1 Kxh3 47. Kh1 Kg3 48. Kg1 h5 49. Kh1 Kf2 50. Kh2 Ke2 51. Kg1 f2+ 52. Kh2 f1Q 53. Kg3 Qf3+ 54. Kh2 Qg4 55. Kh1 Kf2 56. Kh2 Qg2# 0-1

[Event "Winnipeg TNT August op"]
[Site "Winnipeg"]
[Date "2008.08.05"]
[Round "1"]
[White "Kernetsky, Myron"]
[Black "Evans, Brian"]
[Result "1-0"]
[WhiteElo "1950"]
[BlackElo "1516"]
[PlyCount "69"]
[EventDate "2008.08.05"]
[EventType "swiss"]
[EventRounds "4"]
[EventCountry "CAN"]
[SourceTitle "EXT 2011"]
[Source "ChessBase"]
[SourceDate "2010.11.26"]
[SourceVersion "1"]
[SourceVersionDate "2010.11.26"]
[SourceQuality "1"]

1. d4 Nf6 2. c4 e6 3. Nf3 b6 4. a3 Bb7 5. e3 d5 6. Nc3 Bd6 7. cxd5 exd5 8. Bd3 0-0 9. Qc2 h6 10. Bd2 Re8 11. Nb5 Nc6 12. Rc1 a6 13. Nxd6 Qxd6 14. 0-0 Ne4 15. Be1 Rac8 16. Nd2 Kh8 17. f3 Nxd2 18. Bxd2 g6 19. Rfe1 Re7 20. Bc3 Rce8 21. Qf2 Kh7 22. Bd2 Qf6 23. Rc2 Bc8 24. Rec1 Bb7 25. Bxa6 Nxd4 26. Bxb7 Nxc2 27. Rxc2 Qf5 28. e4 dxe4 29. Bxe4 Qd7 30. Qe3 f5 31. Qxh6+ Kg8 32. Qxg6+ Rg7 33. Qxf5 Qxf5 34. Bxf5 Re2 35. g3 1-0